[Event "17th Corsican Circuit Final"]
[Site "Bastia FRA"]
[Date "2013.10.21"]
[Round "3.4"]
[White "Fedorchuk, Sergey A."]
[Black "Saric, Ivan"]
[Result "0-1"]
[WhiteTitle "GM"]
[BlackTitle "GM"]
[WhiteElo "2656"]
[BlackElo "2628"]
[WhiteFideId "14102536"]
[BlackFideId "14508150"]
[EventDate "2013.10.20"]

1. e4 c5 2. Nf3 Nc6 3. d4 cxd4 4. Nxd4 Nf6 5. Nc3 d6 6. h3 e6 7. g4 Be7 8. Bg2
O-O 9. Be3 Nd7 10. Qd2 Nde5 11. b3 Nxd4 12. Bxd4 Nc6 13. Be3 Bf6 14. Rd1 Qa5 15.
Na4 Qxd2+ 16. Kxd2 Rb8 17. Kc1 b5 18. Nb2 Be7 19. f4 Bb7 20. Nd3 Rbc8 21. Kb1 h6
22. Rhf1 a6 23. Rf2 Nb8 24. e5 Bxg2 25. Rxg2 dxe5 26. Nxe5 Nc6 27. Nxc6 Rxc6 28.
Rd7 Bc5 29. Bxc5 Rxc5 30. Kb2 g5 31. Rf2 Kg7 32. Rd6 a5 33. Ra6 b4 34. Ra7 Kg6
35. Re7 gxf4 36. Rxf4 Rfc8 37. Rf2 R5c7 38. Rxc7 Rxc7 39. a3 f5 40. axb4 axb4
41. gxf5+ exf5 42. Rf4 Rb7 43. h4 Kf6 44. c3 bxc3+ 45. Kxc3 Ke5 46. Rc4 f4 47.
Rc8 Ke4 48. Rc6 h5 49. Rf6 f3 50. b4 Ke3 51. Re6+ Kf2 52. Re5 Rh7 53. Kd2 Kg3
54. Rg5+ Kxh4 55. Rg8 Re7 56. b5 f2 57. Rf8 Kg3 58. Rg8+ Kh2 59. Rf8 Kg1 60.
Rg8+ Kf1 61. b6 Rb7 62. Rg6 h4 63. Rh6 h3 64. Ke3 Ke1 65. Rc6 Re7+ 66. Kd4 f1=Q 0-1